000 01261nam0a22003011 4500
001 rc\3212670
005 20130115140309.1
021 _aRU
_b[76-35910]
035 _a(NLR Aleph) 007464026
090 _a7347133
_c7347133
100 _a20130115d1976 |||y0rusy50 ca
101 0 _arus
102 _aRU
105 _ay z |||||
200 1 _aУльтрамалообъемное опрыскивание сельскохозяйственных культур
_fТарнович Н.К., Курдюков В.В., Смирнова А.А. [и др.]
_gВсесоюз. науч.-исслед. ин-т информации и техн.-экон. исследований по сел. хоз-ву
210 _aМосква
_cВНИИТЭИСХ
_d1976
215 _a48 с.
_d21
225 1 _aОбзорная информация
320 _aСписок лит.: с. 41-47 (127 назв.)
606 _aЗащита растений
_xХимический способ
_2psbo
701 1 _aКурдюков
_bВ. В.
701 1 _aСмирнова
_bА. А.
701 1 _aТарнович
_bН. К.
_gНиколай Константинович
801 0 _aRU
_bNLR
_gpsbo
801 1 _aRU
_bELAR
_2rusmarc
852 _aNLR
_j76-6/6249
942 _cBOOK
980 _aNB